000 00657nam a22001817a 4500
999 _c176914
_d176914
005 20210202130841.0
010 _aENG-128914
020 _c800.00
_a978-93-5322-856-9
035 _aEN-112446
037 _bDBAD/PUB
082 _a364.13230954
100 _aSahu, Barun Kumar
245 _aAn Inquiry Into Vigilance and Corruption: Dilemmas and Ironies of Vigilance, Compliance and Corruption in Contemporary India/
_cBarun Kumar Sahu
260 _aNew Delhi
_bPrabhat Prakashan
_c2020
270 _bNew Delhi
_e110002
_a4/19, Asaf Ali Road
300 _a423p.
_c22cm(hbk)
_bIncluding illustration.
942 _2ddc
_cEN
_h364.13230954
_mSAH